00313nam a2200121Ia 4500008004100000041000800041082001200049100001700061245003500078260003500113300003200148365001100180240624s9999 xx 000 0 und d aeng a823 COE aCOELHO PAULO aMANUAL OF THE WARRIOR OF LIGHT c2011aNew DelhibHarperCollins axiii, : 278 : p. : cm. ; 20 cRSb25